Quizzes
Events
Quiz Creation
Community
Videos
Private Events
Remove Ads
Sign In
Join for FREE
Feedback
Dark Mode
Quiz Categories
Sports
Geography
Music
Movies
Television
Just For Fun
Miscellaneous
History
Literature
Language
Science
Gaming
Entertainment
Religion
Holiday
For Kids
Quiz Lab
Recent
Popular Today
Quiz Kudos Today
Editor Picks
Curator Picks
Quizzes by...
Day
Popularity
Type
Ratings
Length
Year
Community
Subscriptions
Recent Discussions
Orange Saloon
Badges
Playlists
Quests
Create
Leaderboards
Showdown
Live 5
Trivia Bingo
Activity
Puzzle Library
Sporcle Events
Private Events
Virtual Trivia
Globe League
Become a Host
Pub Owners
SporcleCon
Opinionation
Our Games
Videos
Blog
Mobile Apps
Partnerships
Remove Ads and Go Orange
Feedback
Sports
Athletes
MLB
NBA
NHL
NFL
Soccer
Sports Teams
WWE
NCAA
Football
Premier League
Basketball
Baseball
Hockey
Golf
Tennis
Cricket
Rugby
Auto Racing
Olympics
World Cup
Sports
Athletes
MLB
NBA
NHL
NFL
Soccer
Sports Teams
WWE
NCAA
Football
Premier League
Basketball
Baseball
Hockey
Golf
Tennis
Cricket
Rugby
Auto Racing
Olympics
World Cup
Random Quiz
Search Sporcle
×
Quiz Lab
Quiz Lab
Sports
Football
Type answers based on single images at one time
Type answers based on single images at one time
Slideshow
Best Score? Go Orange.
Football (soccer) logos Stats
Can you name the Football (soccer) logos?
By
fabbe123
9m
45 Questions
626 Plays
626 Plays
626 Plays
Comments
Comments
Give Quiz Kudos
Give Quiz Kudos
-
- Ratings
hide this ad
Replay
Link that replays current quiz
Next Quiz
Link to next quiz in quiz playlist
You Got
0%
They Got
Avg Score
41%
Avg Friend Score
Upgrade to see
Score Distribution
Jump to the score distribution portion of the page
Score
0/45
Timer
09:00
0
Plays Today
% Correct
Barcelona
98.9%
Real Madrid
86.4%
Manchester United
83.5%
atletico madrid
72.4%
psg
71.6%
liverpool
70.3%
sunderland
67.3%
napoli
67.1%
Bayern munich
62.3%
porto
62.3%
Arsenal
59.4%
chelsea
59.4%
dortmund
58.1%
roma
56.8%
zenit
56.8%
sevilla
52.6%
besiktas
52.2%
wolfsburg
50.7%
leverkusen
50.6%
santos
49.3%
cska moscow
47.4%
genoa
45.4%
galatasaray
41.9%
% Correct
Juventus
37.2%
nottingham
37.2%
espanyol
36.3%
APOEL
34.7%
viktoria plzen
32.7%
celta vigo
31.9%
augsburg
31.1%
toulouse
30.7%
panathinaikos
29.9%
dijon
21.5%
maribor
16.9%
aalborg
15.9%
wroclaw
14.9%
granada
14%
qabala
12.4%
metalist kharkiv
11.6%
anderlecht
11.4%
tottenham
11.1%
braga
10.9%
leeds
8%
vaduz
5.1%
Ilves
3.7%
Quiz Playlist
Details
Report
Send in Message
Add To Playlist
Slideshow:
Type answers based on single images at one time
Last Updated: Aug 7, 2023
Quiz Scoreboard
CHALLENGE
Sign Up to Join the Scoreboard
Show All
Scores
Hide
Comments
May contain spoilers
Recently Published
Movies - When Are They Set?
by FPL_Elf
Movies
5m
Popular People in 1961
by mucciniale
History
6m
1-10 Letter E Words III
by El_Dandy
Language
2m
More to Explore
Quiz From the Vault
Featured Blog Post
Where Did the Easter Bunny Come From?
hide this ad
You Might Also Like...
Tags
Football Quiz
Soccer Quiz
Today's Top Quizzes in Sports
Browse Sports
hide this ad
Today's Top Quizzes in Football
Browse Football
Top Contributed Quizzes in Sports
1
Les meilleurs buteurs des matchs entre le PSG et l’OM
2
Les entraîneurs de l'OM et du PSG au 21e siècle
3
FIFA Club World Cup Champions
4
2022 World Cup Stars
5
Name the Premier League winners with different clubs
6
La finale Lions - Afrique du Sud 2021
7
Criteria MLB: Left Handed Sluggers
8
Players with Multiple 50 Home Run Seasons
9
MLB Players with Two .350 Batting Average Seasons
10
MLB Hall of Famer by Rings
Explore More
Trending Topics
NBA
Disney
Anime
Crossword
Harry Potter
Kpop
Marvel
Pokémon
Soccer
WWE
Puzzle
The Office
Country
NFL
Song
hide this ad
More By:
fabbe123
Quiz
Plays
Rating
Category
Featured
Created
Bundesliga XI of 2016-17 (4-3-3 formation)
167
3.50
Sports
Mar 2, 2017
What is my 2016-17 Premier League XI (so far)
75
3.00
Sports
Mar 2, 2017
All the scorelines of the FIFA World Cup 2014
58
Sports
Jan 21, 2017
Go to Creator's Profile
Score Distribution
Quiz Creator Spotlight
fabbe123
Follow
Send a Message
Quizzes Created
-
Created Quiz Play Count
-
More By This Creator
Popular Quizzes Today
1
Find the US States - No Outlines Minefield
2
Find the Countries of Europe - No Outlines Minefield
3
The Countries of the World
4
Popular People in 1961
5
1-10 Letter E Words III
6
US States
7
Find the US States
8
One Thing in Common: World Cities II
More Sports Quizzes
The 50 most recent 100+ points players in NHL
Quiz Lab
Trending Quizzes
Risky Map Clicking: Least Populous States A-Z
1-10 Letter F Words
1-10 Letter G Words
One Thing in Common: United Kingdom
Risky Map Clicking: Next State Alphabetically
Recently Updated
Leaping Animals
pecheneg
Reality TV Shows (A-Z)
bhenderson79
Rickey Henderson's Hall of Fame Teammates
pecheneg
Champions League XIs: Arsenal
pecheneg
Quick Pick: Celebrities in WWE's Hall of Fame
aduchscher
A-Z Keypad Blitz II
pecheneg
Multiple Oscar Actors
pecheneg
Mystery Phrase Blitz: Oscar 'Best Actors'
pecheneg
F. Scott Fitzgerald Novels
LTH
Pick 3 Villains
ddd62291
Trending Topics
Anime
NBA
Harry Potter
Marvel
Kpop
Disney
Crossword
NFL
WWE
Song
Puzzle
Soccer
Country
Pokémon
The Office
Your Account Isn't Verified!
In order to create a playlist on Sporcle, you need to verify the email address you used during registration. Go to your
Sporcle Settings
to finish the process.
Report this User
Report this user for behavior that violates our
Community Guidelines
.
Details:
Send Report
Go to the Sporcle.com Mobile Site →
Comments